[Event "Mogi Guacu op"]
[Site "Mogi Guacu"]
[Date "2022.09.25"]
[Round "6"]
[White "Trindade, Renan"]
[Black "Escanavaqui Torriani, Joao Pedro"]
[Result "1-0"]
[WhiteElo "1800"]
[BlackElo "1800"]
[PlyCount "77"]
[EventDate "2022.09.23"]
[EventType "swiss"]
[EventRounds "6"]
[EventCountry "BRA"]
[SourceTitle "EXT 2023"]
[Source "ChessBase"]
[SourceDate "2022.10.05"]
[SourceVersion "1"]
[SourceVersionDate "2022.10.05"]
[SourceQuality "1"]

1. e4 c6 2. Nc3 d5 3. e5 d4 4. Ne4 e6 5. Nf3 c5 6. c3 Nd7 7. cxd4 cxd4 8. Nxd4 Nxe5 9. Nf3 Nd3+ 10. Bxd3 Qxd3 11. Qe2 Qxe2+ 12. Kxe2 f5 13. Nc3 Nf6 14. Re1 h6 15. Kf1 Bc5 16. d4 Bb4 17. a3 Bxc3 18. bxc3 0-0 19. a4 Ne4 20. Ba3 Re8 21. c4 b6 22. d5 Bd7 23. Bb2 Nc5 24. Ra3 Nxa4 25. Bd4 Re7 26. Ne5 Nc5 27. Bxc5 bxc5 28. d6 Ree8 29. Nxd7 Rad8 30. Nxc5 e5 31. Nb7 Rd7 32. Rxa7 Rc8 33. c5 g5 34. Rc1 f4 35. c6 Rf7 36. d7 Rb8 37. d8Q+ Rxd8 38. Nxd8 Rxa7 39. c7 1-0